[Event "St Petersburg Korchnoi Memorial op"]
[Site "St Petersburg"]
[Date "2019.08.22"]
[Round "9"]
[White "Arutyunova, Yuliya"]
[Black "Vorobjev, Dmitry"]
[Result "1-0"]
[WhiteElo "1831"]
[BlackElo "2173"]
[PlyCount "87"]
[EventDate "2019.08.14"]
[EventType "swiss"]
[EventRounds "9"]
[EventCountry "RUS"]
[SourceTitle "CBM 192"]
[Source "ChessBase"]
[SourceDate "2019.10.31"]
[SourceVersion "1"]
[SourceVersionDate "2019.10.31"]
[SourceQuality "1"]

1. e4 c5 2. Nf3 d6 3. d4 cxd4 4. Nxd4 Nf6 5. Nc3 g6 6. Be3 Bg7 7. f3 0-0 8. Bc4 Nc6 9. Qd2 Bd7 10. 0-0-0 Rc8 11. Bb3 Ne5 12. Kb1 Re8 13. h4 h5 14. Bg5 Rc5 15. g4 hxg4 16. f4 Nc4 17. Bxc4 Rxc4 18. Qe2 Rxd4 19. Rxd4 Nh5 20. Rd3 f6 21. f5 fxg5 22. Qxg4 e6 23. fxg6 Nf6 24. Qxg5 Qb6 25. Rf1 Rc8 26. e5 Rc5 27. Rxd6 Qxd6 28. exd6 Rxg5 29. hxg5 Ng4 30. Ne4 Ne5 31. Nc5 Bb5 32. Rd1 Nd7 33. Nxe6 Be5 34. b3 Be2 35. Re1 Bg4 36. Nc5 Nxc5 37. Rxe5 b6 38. Re7 a5 39. Kb2 Bh3 40. Kc3 Bf5 41. Kd4 Nd7 42. Kd5 Nc5 43. Kc6 Kf8 44. Rf7+ 1-0

[Event "St Petersburg rapid"]
[Site "St Petersburg"]
[Date "2015.03.15"]
[Round "9"]
[White "Fedoseev, Vladimir1"]
[Black "Vorobjev, Dmitry"]
[Result "1-0"]
[WhiteElo "2674"]
[BlackElo "2197"]
[PlyCount "93"]
[EventDate "2015.03.14"]
[EventType "swiss (rapid)"]
[EventRounds "9"]
[EventCountry "RUS"]
[SourceTitle "CBM 165 Extra"]
[Source "ChessBase"]
[SourceDate "2015.04.21"]
[SourceVersion "1"]
[SourceVersionDate "2015.04.21"]
[SourceQuality "1"]

1. d4 Nf6 2. c4 g6 3. Nc3 Bg7 4. e4 0-0 5. Nf3 d6 6. Be2 e5 7. 0-0 exd4 8. Nxd4 Re8 9. f3 Nc6 10. Nc2 Ne5 11. Kh1 a6 12. Be3 Be6 13. b3 Nc6 14. Qd2 Rb8 15. Rad1 Nd7 16. Nd5 b5 17. cxb5 axb5 18. Ncb4 Bxd5 19. Nxd5 Ne7 20. Bg5 f6 21. Bh4 Nxd5 22. Qxd5+ Kh8 23. Rc1 b4 24. Bf2 f5 25. Qc6 fxe4 26. fxe4 Nc5 27. Bxc5 dxc5 28. Rxc5 Qd6 29. Qxc7 Qxc7 30. Rxc7 Rxe4 31. Bc4 Rh4 32. g3 Be5 33. gxh4 Bxc7 34. h5 gxh5 35. Rf7 Bd6 36. Bd3 Ra8 37. Rxh7+ Kg8 38. Rh6 Bf4 39. Rg6+ Kf7 40. Rg2 Kf6 41. Rf2 Ke5 42. Re2+ Kd4 43. Bg6 Be3 44. Rc2 Rd8 45. Rc4+ Kd5 46. Bxh5 Rg8 47. Bf7+ 1-0

[Event "St Petersburg-ch rap"]
[Site "St Petersburg"]
[Date "2014.03.08"]
[Round "2"]
[White "Kashtanov, Ruslan"]
[Black "Vorobjev, Dmitry"]
[Result "0-1"]
[WhiteElo "2322"]
[BlackElo "2199"]
[PlyCount "94"]
[EventDate "2014.03.08"]
[EventType "swiss (rapid)"]
[EventRounds "9"]
[EventCountry "RUS"]
[SourceTitle "CBM 159 Extra"]
[Source "ChessBase"]
[SourceDate "2014.04.24"]
[SourceVersion "1"]
[SourceVersionDate "2014.04.24"]
[SourceQuality "1"]

1. e4 c5 2. Nf3 d6 3. d4 Nf6 4. dxc5 Nxe4 5. cxd6 Nc6 6. Na3 Nxd6 7. Bf4 Bg4 8. Bxd6 exd6 9. Nc4 d5 10. Ne3 Be6 11. c3 Bc5 12. Qd2 Rc8 13. Nc2 0-0 14. Be2 Qb6 15. 0-0 h6 16. Rad1 Rfd8 17. Ncd4 Bg4 18. Nb3 Be7 19. Nfd4 Bxe2 20. Qxe2 Bf6 21. Rd3 Re8 22. Qg4 Ne5 23. Qh3 Nxd3 24. Qxd3 Qa6 25. Qb1 Bxd4 26. Nxd4 Qf6 27. Rd1 a6 28. g3 Rc7 29. Qd3 Rce7 30. Kg2 Qe5 31. Nf3 Qe2 32. Qb1 Qe4 33. Qc1 Re6 34. Rd4 Qe2 35. Rd2 Qc4 36. a3 Re2 37. Nd4 Rxd2 38. Qxd2 Qc7 39. h4 Qe5 40. Qd1 Qe4+ 41. Kh2 Re7 42. Qb3 Qe1 43. Kg2 Qe4+ 44. Kh2 g6 45. Qb6 Kg7 46. Qd6 Qe5 47. Qb6 Qf6 0-1

[Event "Chigorin Memorial 21st"]
[Site "St Petersburg"]
[Date "2013.10.08"]
[Round "4"]
[White "Vorobjev, Dmitry"]
[Black "Vavulin, Maksim"]
[Result "0-1"]
[WhiteElo "2190"]
[BlackElo "2377"]
[PlyCount "96"]
[EventDate "2013.10.05"]
[EventType "swiss"]
[EventRounds "9"]
[EventCountry "RUS"]
[SourceTitle "CBM 156 Extra"]
[Source "ChessBase"]
[SourceDate "2013.10.22"]
[SourceVersion "1"]
[SourceVersionDate "2013.10.22"]
[SourceQuality "1"]

1. e4 e5 2. Nf3 Nc6 3. Bb5 a6 4. Ba4 Nge7 5. c3 g6 6. d4 exd4 7. cxd4 b5 8. Bb3 Bg7 9. 0-0 d6 10. h3 0-0 11. Nc3 Na5 12. Bc2 Bb7 13. Bg5 h6 14. Bh4 Nc4 15. b3 Na3 16. Bd3 g5 17. Bg3 b4 18. Na4 Nb5 19. Qd2 f5 20. Rae1 Kh8 21. Nxg5 hxg5 22. Qxg5 fxe4 23. Rxe4 Bxe4 24. Qh5+ Kg8 25. Bxe4 Rf7 26. Bh4 Bf6 27. Bxf6 Rxf6 28. Qh7+ Kf8 29. Qh8+ Kf7 30. Qh5+ Kf8 31. Qh8+ Ng8 32. Bd5 Rf7 33. Re1 Rb8 34. Bxf7 Kxf7 35. Qh7+ Kf8 36. Re3 Nxd4 37. Re4 Qf6 38. Qxc7 Re8 39. Rxe8+ Kxe8 40. Qc8+ Kf7 41. Qxa6 Qe5 42. Qc4+ Kg7 43. Qxb4 Nf6 44. Nb6 Ne2+ 45. Kf1 Nf4 46. Kg1 Qa1+ 47. Kh2 Ne2 48. h4 Qg1+ 0-1

[Event "St Petersburg-ch sf"]
[Site "St Petersburg"]
[Date "2013.01.26"]
[Round "1"]
[White "Khusenkhojaev, Muhammad"]
[Black "Vorobjev, Dmitry"]
[Result "1-0"]
[WhiteElo "2384"]
[BlackElo "2225"]
[PlyCount "103"]
[EventDate "2013.01.26"]
[EventType "swiss"]
[EventRounds "9"]
[EventCountry "RUS"]
[SourceTitle "CBM 152 Extra"]
[Source "ChessBase"]
[SourceDate "2013.02.25"]
[SourceVersion "1"]
[SourceVersionDate "2013.02.25"]
[SourceQuality "1"]

1. Nf3 c5 2. c4 Nc6 3. d4 cxd4 4. Nxd4 e5 5. Nb5 a6 6. Nd6+ Bxd6 7. Qxd6 Qe7 8. Qxe7+ Ngxe7 9. e4 0-0 10. Be3 f5 11. f3 fxe4 12. fxe4 d6 13. Nc3 Bg4 14. h3 Bh5 15. g4 Bg6 16. 0-0-0 Rf3 17. Bb6 Raf8 18. Bg2 Rg3 19. Rh2 Nd4 20. Bxd4 exd4 21. Ne2 Re3 22. Nxd4 Rf2 23. e5 Rxe5 24. Bd5+ Nxd5 25. Rxf2 Nb4 26. Nf5 Nxa2+ 27. Kc2 Nb4+ 28. Kc3 Nc6 29. Rxd6 Re1 30. Rd7 Bxf5 31. gxf5 Rc1+ 32. Kd2 Rxc4 33. Rxb7 Rd4+ 34. Kc1 Ne5 35. Rd2 Nd3+ 36. Kb1 Rb4 37. Rxb4 Nxb4 38. Rd7 Kf8 39. Kc1 Nc6 40. Rd6 Ne7 41. f6 Nf5 42. fxg7+ Kxg7 43. Rxa6 h5 44. b4 Kf7 45. Kd2 Ke7 46. Kd3 Nd6 47. Ke3 Ke6 48. Kf4 Kd5 49. Rxd6+ Kxd6 50. Kg5 Ke5 51. Kxh5 Kf5 52. b5 1-0

[Event "Chigorin Memorial 20th"]
[Site "St Petersburg"]
[Date "2012.11.01"]
[Round "6"]
[White "Gogolev, Artem"]
[Black "Vorobjev, Dmitry"]
[Result "1-0"]
[WhiteElo "2090"]
[BlackElo "2256"]
[PlyCount "77"]
[EventDate "2012.10.27"]
[EventType "swiss"]
[EventRounds "9"]
[EventCountry "RUS"]
[SourceTitle "EXT 2013"]
[Source "ChessBase"]
[SourceDate "2012.11.22"]
[SourceVersion "1"]
[SourceVersionDate "2012.11.22"]
[SourceQuality "1"]

1. d4 Nf6 2. Nf3 g6 3. c4 Bg7 4. g3 0-0 5. Bg2 d6 6. 0-0 Nc6 7. Nc3 a6 8. h3 Nd7 9. Be3 e5 10. Qd2 exd4 11. Nxd4 Nde5 12. b3 Rb8 13. Rac1 Nxd4 14. Bxd4 Bd7 15. Rfd1 Bc6 16. Nd5 Re8 17. Qc3 f6 18. b4 Ba4 19. Rd2 Nd7 20. Qa3 c5 21. Qxa4 cxd4 22. Rxd4 f5 23. Rd2 Ne5 24. c5 dxc5 25. bxc5 Kh8 26. Rdd1 Qc8 27. Nf4 Re7 28. Rd6 Qg8 29. Rcd1 Qe8 30. Qc2 Qb5 31. Rd8+ Re8 32. a4 Qb4 33. Rxb8 Rxb8 34. Rb1 Qa5 35. c6 Nxc6 36. Bxc6 Rc8 37. Rxb7 Qe1+ 38. Kg2 Bd4 39. e3 1-0

[Event "Chigorin Memorial 20th"]
[Site "St Petersburg"]
[Date "2012.10.29"]
[Round "3"]
[White "Vorobjev, Dmitry"]
[Black "Ivanov, Sergei V"]
[Result "1-0"]
[WhiteElo "2256"]
[BlackElo "2060"]
[PlyCount "89"]
[EventDate "2012.10.27"]
[EventType "swiss"]
[EventRounds "9"]
[EventCountry "RUS"]
[SourceTitle "EXT 2013"]
[Source "ChessBase"]
[SourceDate "2012.11.22"]
[SourceVersion "1"]
[SourceVersionDate "2012.11.22"]
[SourceQuality "1"]

1. e4 g6 2. d4 Bg7 3. Nc3 d6 4. Be2 Nd7 5. Nf3 e6 6. 0-0 Ne7 7. Bg5 h6 8. Be3 0-0 9. Qd2 Kh7 10. a4 a5 11. Rfe1 b6 12. Nb5 Bb7 13. Bd3 Nf6 14. Bf4 Nh5 15. Bg3 Qd7 16. Rad1 Rac8 17. c4 f5 18. exf5 exf5 19. d5 Kh8 20. Nh4 Kh7 21. Re6 g5 22. Nxc7 Qxc7 23. Bxd6 Qd7 24. Bxe7 gxh4 25. Bxf8 Rxf8 26. Rde1 Bc8 27. Rxb6 Bf6 28. Ree6 Bg5 29. Rxh6+ Bxh6 30. Qxh6+ Kg8 31. Qxh5 Rf7 32. Rg6+ Rg7 33. Rxg7+ Kxg7 34. Qg5+ Kf7 35. Be2 Qd6 36. Bh5+ Kf8 37. Qxh4 Qe5 38. h3 Qe1+ 39. Kh2 Qe5+ 40. g3 Qxb2 41. Qd8+ Kg7 42. Kg2 Qb7 43. Qxa5 f4 44. Qc3+ Kh7 45. Qd3+ 1-0

[Event "Chigorin Memorial 20th"]
[Site "St Petersburg"]
[Date "2012.10.27"]
[Round "1"]
[White "Vorobjev, Dmitry"]
[Black "Elizarova, Taisia"]
[Result "1-0"]
[WhiteElo "2256"]
[BlackElo "1663"]
[PlyCount "71"]
[EventDate "2012.10.27"]
[EventType "swiss"]
[EventRounds "9"]
[EventCountry "RUS"]
[SourceTitle "EXT 2013"]
[Source "ChessBase"]
[SourceDate "2012.11.22"]
[SourceVersion "1"]
[SourceVersionDate "2012.11.22"]
[SourceQuality "1"]

1. e4 e6 2. d4 d5 3. Nc3 Nf6 4. Bg5 dxe4 5. Nxe4 Nbd7 6. Nf3 Be7 7. Bxf6 Nxf6 8. Nxf6+ Bxf6 9. Bd3 0-0 10. Qe2 Qd5 11. 0-0 Qh5 12. Rfe1 c5 13. c3 cxd4 14. cxd4 b6 15. Rac1 Bb7 16. Be4 Bxe4 17. Qxe4 Qa5 18. a3 Qa6 19. Rc7 Rfc8 20. Rec1 g6 21. Qf4 Kg7 22. Ng5 Rxc7 23. Rxc7 Qa5 24. Nxe6+ Kg8 25. Rc1 fxe6 26. Qxf6 Qf5 27. Qxf5 exf5 28. Kf1 Rd8 29. Rc7 a5 30. Rb7 Rxd4 31. Rxb6 a4 32. Ke2 f4 33. Rb4 Rd5 34. Rxa4 g5 35. b4 Kg7 36. Ra5 1-0

[Event "St Petersburg-ch sf 85th"]
[Site "St Petersburg"]
[Date "2012.01.28"]
[Round "1.17"]
[White "Panov, Ivan"]
[Black "Vorobjev, Dmitry"]
[Result "0-1"]
[WhiteElo "2006"]
[BlackElo "2223"]
[PlyCount "78"]
[EventDate "2012.01.28"]
[EventType "swiss"]
[EventRounds "9"]
[EventCountry "RUS"]
[SourceTitle "CBM 146 Extra"]
[Source "ChessBase"]
[SourceDate "2012.02.29"]
[SourceVersion "1"]
[SourceVersionDate "2012.02.29"]
[SourceQuality "1"]

1. e4 c5 2. Nf3 d6 3. Bb5+ Bd7 4. Bxd7+ Qxd7 5. 0-0 Nc6 6. Re1 Nf6 7. c3 e6 8. d4 cxd4 9. cxd4 d5 10. e5 Ne4 11. Nbd2 Nxd2 12. Bxd2 Be7 13. Rc1 0-0 14. Qe2 Rfc8 15. a3 a6 16. Qd3 b5 17. Rc2 Qb7 18. Rec1 Bd8 19. Kh1 h6 20. Rc3 Bb6 21. Qc2 Ne7 22. Qd3 Qd7 23. Be3 a5 24. Rxc8+ Rxc8 25. Rxc8+ Nxc8 26. Nd2 Qc6 27. Nb1 Qc4 28. Qd1 Ne7 29. b3 Qc7 30. g4 h5 31. h3 hxg4 32. hxg4 b4 33. axb4 axb4 34. Qd3 Qa7 35. Nd2 Qa1+ 36. Kh2 Qc3 37. Qxc3 bxc3 38. Nb1 Bxd4 39. Bc1 Nc6 0-1

[Event "Izhevsk Corporation Cup-A 3rd"]
[Site "Izhevsk"]
[Date "2011.07.22"]
[Round "7"]
[White "Terentjev, Vladislav"]
[Black "Vorobjev, Dmitry"]
[Result "1/2-1/2"]
[WhiteElo "2388"]
[BlackElo "2202"]
[PlyCount "150"]
[EventDate "2011.07.15"]
[EventType "swiss"]
[EventRounds "9"]
[EventCountry "RUS"]
[SourceTitle "CBM 143 Extra"]
[Source "ChessBase"]
[SourceDate "2011.08.29"]
[SourceVersion "1"]
[SourceVersionDate "2011.08.29"]
[SourceQuality "1"]

1. e4 c5 2. Nf3 d6 3. c3 Nf6 4. Be2 Nc6 5. d4 cxd4 6. cxd4 d5 7. exd5 Nxd5 8. Nc3 e6 9. 0-0 Be7 10. Bd3 0-0 11. a3 Nxc3 12. bxc3 Bd7 13. Re1 Rc8 14. h4 Bf6 15. Bc2 Na5 16. Qd3 g6 17. Bf4 Nc4 18. Bb3 b5 19. Ng5 Bc6 20. Qg3 Bg7 21. Bc2 Qd5 22. Ne4 Qd7 23. Nc5 Qe7 24. a4 Rfd8 25. axb5 Bxb5 26. Bg5 Bf6 27. Bxf6 Qxf6 28. Rxa7 Nd6 29. h5 Bc4 30. hxg6 hxg6 31. Rea1 Bb5 32. Re1 Bc4 33. Re3 Bd5 34. Nd7 Qe7 35. Bxg6 Rxd7 36. Bh7+ Kh8 37. Rxd7 Qxd7 38. Qh3 Kg7 39. Rg3+ Kf8 40. Rg8+ Ke7 41. Qh4+ f6 42. Rg7+ Nf7 43. Rg6 Ng5 44. f4 Rxc3 45. Rg7+ Nf7 46. Bg8 e5 47. dxe5 Rc1+ 48. Kh2 Qf5 49. Bh7 Qe6 50. Qg3 Qc6 51. f5 Rh1+ 52. Kxh1 Qc1+ 53. Kh2 Qh6+ 54. Kg1 Qc1+ 55. Kf2 Qd2+ 56. Kf1 Bc4+ 57. Kg1 Qc1+ 58. Kh2 Qh6+ 59. Qh3 Qxg7 60. Qa3+ Kd8 61. Qa5+ Ke7 62. Qc7+ Kf8 63. Qc5+ Ke8 64. Bg6 Qh6+ 65. Kg3 Qg5+ 66. Kf3 Qc1 67. Bxf7+ Kxf7 68. e6+ Kg8 69. Qc8+ Kg7 70. Qd7+ Kh6 71. Ke4 Qe1+ 72. Kd4 Qb4 73. Ke3 Qe1+ 74. Kd4 Qb4 75. Ke3 Qe1+ 1/2-1/2

[Event "Izhevsk Corporation Cup-A 3rd"]
[Site "Izhevsk"]
[Date "2011.07.17"]
[Round "3"]
[White "Vorobjev, Dmitry"]
[Black "Litvinov, Maxim"]
[Result "1-0"]
[WhiteElo "2202"]
[BlackElo "1753"]
[PlyCount "115"]
[EventDate "2011.07.15"]
[EventType "swiss"]
[EventRounds "9"]
[EventCountry "RUS"]
[SourceTitle "CBM 143 Extra"]
[Source "ChessBase"]
[SourceDate "2011.08.29"]
[SourceVersion "1"]
[SourceVersionDate "2011.08.29"]
[SourceQuality "1"]

1. e4 e5 2. Nf3 Nc6 3. Bb5 a6 4. Ba4 Nf6 5. 0-0 Be7 6. Re1 b5 7. Bb3 d6 8. c3 0-0 9. h3 Na5 10. Bc2 c5 11. d4 Qc7 12. Nbd2 Nc6 13. d5 Nd8 14. a4 Rb8 15. axb5 axb5 16. b4 Ne8 17. Nf1 f6 18. Qe2 Nf7 19. Be3 g6 20. Ra5 c4 21. g4 Ng7 22. Ng3 Qd7 23. Nd2 Bd8 24. Ra7 Rb7 25. Rea1 Rxa7 26. Rxa7 Bb7 27. Nb1 Be7 28. Na3 Ra8 29. Nxb5 Qxb5 30. Ba4 Qxa4 31. Rxa4 Rxa4 32. Qxc4 Kf8 33. Kg2 Ra3 34. Qc7 Ba6 35. c4 Ne8 36. Qa7 Ra4 37. Qa8 Bb5 38. Qc8 Rxb4 39. cxb5 Rxb5 40. Ne2 Ng5 41. h4 Nf7 42. Nc3 Rb4 43. Kg3 h6 44. f3 Bd8 45. Bxh6+ Nxh6 46. Qxd8 Rc4 47. Nb5 Nf7 48. Qd7 Rc5 49. Qb7 Rc1 50. Na7 Rc7 51. Qb8 Ke7 52. Nc6+ Kd7 53. Qb5 Kc8 54. Kg2 g5 55. h5 Nh6 56. Nxe5 fxe5 57. Qxe8+ Kb7 58. Qg6 1-0